000 00657nam a22001937a 4500
003 KOHA_MİRAKIL
005 20260408085416.0
008 260408b tu ||||| |||| 00| 0 tur d
040 _aTR-AnABB
_btur
_cTR-AnABB
041 _atur
082 _a352.007209564
_bYER 1993
111 2 _aYerel yönetimler ve GAP Sempozyumu
_d(1993 :
_cMardin, Şanlıurfa)
_93340
245 1 0 _aYerel yönetimler ve GAP Sempozyumu /
_cHazırlayan: Ahmet Özer
260 _aAnkara :
_b[yayl. y.] ,
_c[199?]
300 _a166 sayfa :
_bresimli ;
_c20 cm
650 0 0 _aYerel Yönetimler, Türkiye
650 0 0 _aYerel Yönetimler, Türkiye, GAP
942 _2ddc
_cBK
999 _c10193
_d10193
900 _bCan ÇELIK